| 000 | 00355nam a2200145Ia 4500 | ||
|---|---|---|---|
| 008 | 191201s2005 xx 000 0 und d | ||
| 082 |
_a003 _bTAO |
||
| 100 | _aTAHA, Hamdy A | ||
| 245 | 0 | _aOperations Research An Introduction | |
| 250 | _a7th | ||
| 260 |
_aN.Delhi _bPearson Education _c2005 |
||
| 300 | _a848 | ||
| 650 | _aB.Tech(CSE) | ||
| 942 |
_2ddc _cBK |
||
| 999 |
_c1203 _d1203 |
||